<?xml version="1.0" encoding="UTF-8"?>
<marc:record xmlns:marc="http://www.loc.gov/MARC21/slim">
   <marc:leader>00000nam a2200000 a 4500</marc:leader>
   <marc:datafield ind1="1" ind2=" " tag="100">
      <marc:subfield code="a">BERG ERIC</marc:subfield>
      <marc:subfield code="4">aut</marc:subfield>
      <marc:subfield code="e">Verfasser/-in</marc:subfield>
   </marc:datafield>
   <marc:datafield ind1="0" ind2="0" tag="245">
      <marc:subfield code="a">DAS NEBELHAUS</marc:subfield>
   </marc:datafield>
   <marc:datafield ind1=" " ind2="1" tag="264">
      <marc:subfield code="b">DA MUSIC</marc:subfield>
      <marc:subfield code="c">2013</marc:subfield>
   </marc:datafield>
   <marc:datafield ind1="1" ind2=" " tag="520">
      <marc:subfield code="a">SEIT JAHREN HABEN SICH DIE STUDIENFREUNDE TIMO, PHILIPP, YASMIN UND LEONIE AUS DEN AUGEN VERLOREN. ALS SIE SICH IM INTERNET WIEDERBEGEGNEN, VERABREDEN SIE SICH FÜR EIN WIEDERSEHEN AUF HIDDENSEE: DOCH DAS TREFFEN ENDET MIT EINEM GRAUENVOLLEN VERBRECHEN!</marc:subfield>
   </marc:datafield>
   <marc:datafield ind1="3" ind2=" " tag="024">
      <marc:subfield code="a">9783833732225</marc:subfield>
   </marc:datafield>
</marc:record>
